[Event "Canadian Open ch 2007"]
[Site "Ottawa CAN"]
[Date "2007.07.07"]
[Round "1"]
[White "van Dijk, Timon"]
[Black "Atalik, Suat"]
[Result "1/2-1/2"]
[WhiteElo "2273"]
[BlackElo "2586"]
[PlyCount "113"]
[EventDate "2007.07.07"]
[EventType "swiss"]
[EventRounds "9"]
[EventCountry "CAN"]
[Source "lmi"]
[SourceDate "2007.07.07"]

1. c4 e5 2. g3 Nf6 3. Bg2 d5 4. cxd5 Nxd5 5. Nc3 Nb6 6. Nf3 Nc6 7. O-O Be7 8.
a3 Be6 9. b4 Nd4 10. Rb1 Nxf3+ 11. Bxf3 c6 12. b5 Rc8 13. bxc6 bxc6 14. d3 O-O
15. Qc2 f6 16. Rd1 Rf7 17. Na4 c5 18. Bb7 Rb8 19. Bc6 Qd6 20. Bb5 a6 21. Bc4
Nxc4 22. Rxb8+ Qxb8 23. dxc4 f5 24. f3 f4 25. g4 h5 26. h3 hxg4 27. hxg4 Bf8
28. Kf2 Qb7 29. Rh1 e4 30. Nc3 Bxc4 31. Qxe4 Qxe4 32. Nxe4 Rb7 33. Bxf4 Rb2 34.
Rc1 Rxe2+ 35. Kg3 Bb5 36. Nxc5 Be7 37. a4 Bxc5 38. axb5 Bf2+ 39. Kh3 axb5 40.
Rb1 Re7 41. Rxb5 Rf7 42. Rb4 Be3 43. Kg3 Bxf4+ 44. Rxf4 g5 45. Ra4 Kg7 46. Kf2
Re7 47. Re4 Ra7 48. Rd4 Ra3 49. Rd6 Kf7 50. Ke2 Rb3 51. Rd3 Rb1 52. Ke3 Re1+
53. Kd4 Kf6 54. Kd5 Re5+ 55. Kd6 Ra5 56. Rd5 Ra3 57. Rf5+ 1/2-1/2

[Event "Canadian Open ch 2007"]
[Site "Ottawa CAN"]
[Date "2007.07.07"]
[Round "1"]
[White "Thavandiran, Shiyam"]
[Black "Shomoev, Anton"]
[Result "1/2-1/2"]
[WhiteElo "2269"]
[BlackElo "2551"]
[PlyCount "174"]
[EventDate "2007.07.07"]
[EventType "swiss"]
[EventRounds "9"]
[EventCountry "CAN"]
[Source "lmi"]
[SourceDate "2007.07.07"]

1. e4 c5 2. Nc3 d6 3. Nf3 Nf6 4. d4 cxd4 5. Nxd4 a6 6. Bg5 e6 7. f4 Qc7 8. Qf3
b5 9. Bd3 b4 10. Nce2 Nbd7 11. g4 Bb7 12. Bxf6 Nxf6 13. O-O-O Nd7 14. g5 g6 15.
h4 Bg7 16. h5 Rg8 17. Kb1 Nc5 18. hxg6 hxg6 19. Qe3 O-O-O 20. Rh7 Kb8 21. Rc1
Qb6 22. Nb3 Rc8 23. Nxc5 Rxc5 24. Nd4 Ka7 25. Re1 e5 26. fxe5 Rxe5 27. Nf3 Rc5
28. Nd2 d5 29. e5 Rc7 30. Qf4 Qc5 31. Nb3 Qf8 32. Nd4 Re7 33. Nf3 Re6 34. Nd4
Re8 35. Nf3 Rh8 36. Reh1 Qe7 37. Rxh8 Rxh8 38. Rxh8 Bxh8 39. Qd4+ Ka8 40. Qb6
d4 41. Nxd4 Qxe5 42. c3 Qe3 43. Kc2 bxc3 44. bxc3 Qxg5 45. Bxa6 Qg2+ 46. Ne2
Qe4+ 47. Kc1 Qh1+ 48. Kd2 Qd5+ 49. Kc1 Bc6 50. Nd4 Bxd4 51. Qxd4 Qxd4 52. cxd4
Bd5 53. a4 Ka7 54. Bd3 Kb6 55. Kd2 Ka5 56. Ke3 g5 57. Bc2 f6 58. Be4 Bb3 59. d5
Bxa4 60. Bf5 Kb6 61. Kd4 Bd1 62. Be6 Bc2 63. Kc3 Bg6 64. Kd4 Bb1 65. Bf7 Bf5
66. Be8 g4 67. Ke3 Kc5 68. Kf4 Bc8 69. Bf7 Kd6 70. Bg8 f5 71. Bf7 Ba6 72. Bh5
Bc8 73. Bf7 Ke7 74. Bg6 Bd7 75. Bh5 Kf6 76. d6 Kg7 77. Kg5 Be6 78. Be8 Kf8 79.
Bc6 Kf7 80. Bb5 g3 81. Bc6 Bd7 82. Bd5+ Kg7 83. Kf4 Kf6 84. Bg2 Ke6 85. Bh3
Kxd6 86. Kxg3 f4+ 87. Kxf4 Bxh3 1/2-1/2

[Event "Canadian Open ch 2007"]
[Site "Ottawa CAN"]
[Date "2007.07.07"]
[Round "1"]
[White "Rychagov, Andrey"]
[Black "Day, Lawrence"]
[Result "1-0"]
[WhiteElo "2571"]
[BlackElo "2320"]
[PlyCount "68"]
[EventDate "2007.07.07"]
[EventType "swiss"]
[EventRounds "9"]
[EventCountry "CAN"]
[Source "lmi"]
[SourceDate "2007.07.07"]

1. d4 Nf6 2. c4 c5 3. d5 e5 4. Nc3 d6 5. e4 Be7 6. Bd3 Nbd7 7. h3 a6 8. Be3 h5
9. a3 Nf8 10. b4 b6 11. Bc2 Ng6 12. Ba4+ Bd7 13. Bxd7+ Nxd7 14. Nf3 Nf4 15. O-O
g5 16. Nd2 Qc8 17. Ne2 h4 18. bxc5 Nxc5 19. Bxc5 Qxc5 20. Nxf4 gxf4 21. Qe2 Bd8
22. Nb3 Qc8 23. a4 a5 24. Nd2 Ra7 25. Rab1 Rg8 26. Kh1 Qa6 27. Qh5 Qc8 28. Rb5
Ra6 29. Rfb1 Ra8 30. c5 bxc5 31. Nc4 Bc7 32. Rb7 Rf8 33. Qh6 Qd8 34. Rxc7 Qxc7
1-0

[Event "Canadian Open ch 2007"]
[Site "Ottawa CAN"]
[Date "2007.07.07"]
[Round "1"]
[White "Critelli, James"]
[Black "Ernst, Sipke"]
[Result "1/2-1/2"]
[WhiteElo "2264"]
[BlackElo "2554"]
[PlyCount "132"]
[EventDate "2007.07.07"]
[EventType "swiss"]
[EventRounds "9"]
[EventCountry "CAN"]
[Source "lmi"]
[SourceDate "2007.07.07"]

1. e4 e5 2. Nf3 Nc6 3. Bb5 a6 4. Ba4 Nf6 5. O-O Nxe4 6. d4 b5 7. Bb3 d5 8. dxe5
Be6 9. Nbd2 Be7 10. c3 O-O 11. Qe2 Bf5 12. Rd1 Nc5 13. Nd4 Nxd4 14. cxd4 Nxb3
15. Nxb3 f6 16. Bf4 fxe5 17. Bxe5 Bg5 18. f4 Be7 19. Rac1 Bd6 20. Re1 Rf7 21.
Nc5 h6 22. Qf3 Bf8 23. Nb7 Qc8 24. Nd6 Bxd6 25. Bxd6 Be4 26. Rxe4 dxe4 27. Qxe4
Qe8 28. Be5 Rd8 29. Qg6 Re7 30. Qg3 Qf7 31. b3 Qf5 32. h3 Kh7 33. Rc6 Qe4 34.
Rxa6 c6 35. Kh2 Rg8 36. Qg4 Rf7 37. a4 bxa4 38. bxa4 g5 39. Qe6 Qg6 40. Qxg6+
Rxg6 41. fxg5 hxg5 42. Kg3 Rf1 43. Ra8 Re6 44. Ra7+ Kg6 45. Rc7 Ra1 46. h4
gxh4+ 47. Kxh4 Kf5 48. Rf7+ Ke4 49. Rf4+ Kd5 50. Bg7 Rg6 51. Rg4 Rxg4+ 52. Kxg4
Ke4 53. g3 Rxa4 54. Bf6 Ra2 55. Kg5 Rg2 56. Kg4 Re2 57. Bg7 Rb2 58. Kg5 Rb5+
59. Kg6 Rd5 60. Kf7 Rg5 61. Be5 c5 62. Bf6 Rxg3 63. dxc5 Kd5 64. Be7 Rc3 65.
Bd6 Rxc5 66. Bxc5 Kxc5 1/2-1/2

[Event "Canadian Open ch 2007"]
[Site "Ottawa CAN"]
[Date "2007.07.07"]
[Round "1"]
[White "Aveskulov, Valeriy"]
[Black "Pacey, Kevin"]
[Result "1-0"]
[WhiteElo "2539"]
[BlackElo "2250"]
[PlyCount "61"]
[EventDate "2007.07.07"]
[EventType "swiss"]
[EventRounds "9"]
[EventCountry "CAN"]
[Source "lmi"]
[SourceDate "2007.07.07"]

1. e4 e6 2. d4 d5 3. Nc3 Bb4 4. e5 c5 5. a3 Bxc3+ 6. bxc3 Qc7 7. Qg4 Ne7 8.
Qxg7 Rg8 9. Qxh7 cxd4 10. Ne2 dxc3 11. f4 b6 12. Nd4 Ba6 13. Bb5+ Bxb5 14. Nxb5
Qc5 15. Nd6+ Kd7 16. Qd3 Nbc6 17. Be3 Qa5 18. O-O Rg7 19. g3 Qa4 20. Rad1 Rh8
21. Qxc3 Rgh7 22. Rf2 Nc8 23. Nxc8 Kxc8 24. Rd4 Qb5 25. Rb4 d4 26. Rxd4 Kb8 27.
Rd1 Rxh2 28. Rxh2 Rxh2 29. Kxh2 Qe2+ 30. Bf2 Qxf2+ 31. Kh3 1-0

[Event "Canadian Open ch 2007"]
[Site "Ottawa CAN"]
[Date "2007.07.07"]
[Round "1"]
[White "Howell, David"]
[Black "Djerkovic, Miladin"]
[Result "1-0"]
[WhiteElo "2511"]
[BlackElo "2299"]
[PlyCount "67"]
[EventDate "2007.07.07"]
[EventType "swiss"]
[EventRounds "9"]
[EventCountry "CAN"]
[Source "lmi"]
[SourceDate "2007.07.07"]

1. e4 e5 2. Nf3 Nc6 3. Bb5 a6 4. Ba4 Nf6 5. O-O b5 6. Bb3 Be7 7. Re1 d6 8. c3
O-O 9. h3 Qd7 10. d4 Re8 11. a4 Bb7 12. d5 Na5 13. Ba2 bxa4 14. Nbd2 Bd8 15. c4
Nh5 16. Re3 Nf4 17. Ra3 c5 18. Bb1 Bc8 19. Rxa4 Nb7 20. Nf1 Ng6 21. Ng3 Bc7 22.
R4a3 Nd8 23. Bc2 Rf8 24. Ba4 Qe7 25. Bb5 a5 26. Bd2 f5 27. Nxf5 Bxf5 28. exf5
Rxf5 29. Qc2 Rh5 30. Qe4 Nf7 31. Qg4 e4 32. Qxh5 exf3 33. Qxf3 Nfe5 34. Qf5 1-0

[Event "Canadian Open ch 2007"]
[Site "Ottawa CAN"]
[Date "2007.07.07"]
[Round "1"]
[White "Likavsky, Tomas"]
[Black "Voloaca, Mihnea"]
[Result "0-1"]
[WhiteElo "2485"]
[BlackElo "2313"]
[PlyCount "110"]
[EventDate "2007.07.07"]
[EventType "swiss"]
[EventRounds "9"]
[EventCountry "CAN"]
[Source "lmi"]
[SourceDate "2007.07.07"]

1. d4 d5 2. c4 c6 3. Nf3 e6 4. e3 Nf6 5. Bd3 dxc4 6. Bxc4 b5 7. Bd3 Bb7 8. O-O
a6 9. a4 b4 10. Qe2 c5 11. dxc5 Bxc5 12. Nbd2 Nbd7 13. Nb3 Bd6 14. Rd1 Qc7 15.
Bd2 O-O 16. Rac1 Qb8 17. Na5 Bxf3 18. gxf3 Bxh2+ 19. Kg2 Bd6 20. Rc6 Ne5 21.
Rxa6 Rxa6 22. Bxa6 Qa8 23. Nb7 Be7 24. Qb5 Nd5 25. Rc1 f5 26. f4 Ng4 27. Qc6
Kf7 28. Be2 Rb8 29. Ba6 h5 30. Na5 Qa7 31. Nc4 Nxf4+ 32. Kf1 Rd8 33. Be1 Nd3
34. Rc2 Nh2+ 35. Ke2 b3 36. Rd2 Nb4 37. Ne5+ Kf6 38. Nd7+ Rxd7 39. Qxd7 Qxa6+
40. Qb5 Qa8 41. Rd7 Qf3+ 42. Kd2 Nd5 43. Qxb3 Bb4+ 44. Kc1 Bxe1 45. Qb7 Bxf2
46. Rf7+ Kg5 47. Rxg7+ Kh4 48. a5 Bxe3+ 49. Kc2 Bc5 50. Kb1 Qd1+ 51. Ka2 Nb4+
52. Ka3 Nc2+ 53. Ka2 Qa1+ 54. Kb3 Nd4+ 55. Kc4 Qc1+ 0-1

[Event "Canadian Open ch 2007"]
[Site "Ottawa CAN"]
[Date "2007.07.07"]
[Round "1"]
[White "Barron, Michael"]
[Black "Hoang Thong, Tu"]
[Result "0-1"]
[WhiteElo "2333"]
[BlackElo "2472"]
[PlyCount "84"]
[EventDate "2007.07.07"]
[EventType "swiss"]
[EventRounds "9"]
[EventCountry "CAN"]
[Source "lmi"]
[SourceDate "2007.07.07"]

1. e4 c5 2. Nf3 Nc6 3. d4 cxd4 4. Nxd4 Nf6 5. Nc3 d6 6. Be2 e5 7. Nb3 Be7 8.
O-O O-O 9. Kh1 a5 10. a4 Nb4 11. f4 Bd7 12. Bf3 Rc8 13. Be3 Re8 14. Rf2 Bf8 15.
Rd2 Qc7 16. Qg1 exf4 17. Bxf4 Bc6 18. Re1 Nd7 19. Nd4 Ne5 20. b3 Qd8 21. Red1
Qf6 22. Bg3 Bd7 23. Ncb5 Bxb5 24. axb5 Rc3 25. Bxe5 dxe5 26. Nf5 Rxc2 27. Rd7
g6 28. Nd6 Bxd6 29. R1xd6 Re6 30. Rd1 Re7 31. Rd8+ Kg7 32. Qa7 Rc3 33. Rf1 Rec7
34. Qb8 Rc1 35. Rg8+ Kh6 36. Qf8+ Kg5 37. h4+ Kf4 38. Qh6+ Kg3 39. Rxc1 Rxc1+
40. Qxc1 Qxh4+ 41. Kg1 Qh2+ 42. Kf1 Qh1+ 0-1

[Event "Canadian Open ch 2007"]
[Site "Ottawa CAN"]
[Date "2007.07.07"]
[Round "1"]
[White "Doubleday, Bill"]
[Black "de la Paz, Frank"]
[Result "1-0"]
[WhiteElo "2220"]
[BlackElo "2479"]
[PlyCount "92"]
[EventDate "2007.07.07"]
[EventType "swiss"]
[EventRounds "9"]
[EventCountry "CAN"]
[Source "lmi"]
[SourceDate "2007.07.07"]

1. d4 Nf6 2. c4 g6 3. Nc3 Bg7 4. e4 d6 5. Be2 O-O 6. Nf3 c6 7. O-O Na6 8. Re1
Nd7 9. Bf1 e5 10. d5 c5 11. Rb1 f5 12. exf5 gxf5 13. Ng5 Nf6 14. f4 e4 15. a3
Ng4 16. Ne2 Qb6 17. h3 Nf6 18. Be3 Qd8 19. Nc3 h6 20. Ne6 Bxe6 21. dxe6 Nc7 22.
Qd2 Nxe6 23. Nb5 Ne8 24. Red1 Qe7 25. Be2 a6 26. Nc3 Bd4 27. Kh2 Kh8 28. Nd5
Qf7 29. Rf1 Nf6 30. g4 Nxd5 31. cxd5 Bxe3 32. Qxe3 Nd4 33. Rbd1 Qxd5 34. Rf2
Qf7 35. gxf5 Rae8 36. Rxd4 cxd4 37. Qxd4+ Qf6 38. Qd5 Qxf5 39. Qxd6 Qf6 40. Qb4
e3 41. Rf1 Rd8 42. Rf3 Rfe8 43. Rg3 Rd4 44. Qxb7 Rxf4 45. Rg2 Rf2 46. Bd3 Rxg2+
1-0

[Event "Canadian Open ch 2007"]
[Site "Ottawa CAN"]
[Date "2007.07.07"]
[Round "1"]
[White "Reprintsev, Alexander"]
[Black "Guo, Josh"]
[Result "1-0"]
[WhiteElo "2410"]
[BlackElo "2125"]
[PlyCount "67"]
[EventDate "2007.07.07"]
[EventType "swiss"]
[EventRounds "9"]
[EventCountry "CAN"]
[Source "lmi"]
[SourceDate "2007.07.07"]

1. e4 c5 2. b3 Nc6 3. Bb2 e5 4. f4 exf4 5. Qf3 Qh4+ 6. g3 fxg3 7. hxg3 Qe7 8.
Bc4 Nf6 9. Bxf6 Qxf6 10. Qxf6 gxf6 11. Nc3 Bd6 12. Nge2 Be5 13. O-O-O d6 14.
Nd5 Kd8 15. Rdf1 Be6 16. Nxf6 Ke7 17. Nd5+ Bxd5 18. Bxd5 Raf8 19. c3 Nd8 20. d4
cxd4 21. cxd4 Bg7 22. Kd2 Ne6 23. Kd3 b6 24. Rh5 Bf6 25. Rfh1 h6 26. Rxh6 Rxh6
27. Rxh6 Rh8 28. Rxh8 Bxh8 29. Bxe6 fxe6 30. Nf4 Bg7 31. a4 e5 32. dxe5 dxe5
33. Nd5+ Kd6 34. Kc4 1-0

[Event "Canadian Open ch 2007"]
[Site "Ottawa CAN"]
[Date "2007.07.07"]
[Round "1"]
[White "Mai, Lloyd"]
[Black "Bradford, Joe"]
[Result "0-1"]
[WhiteElo "2288"]
[BlackElo "2412"]
[PlyCount "90"]
[EventDate "2007.07.07"]
[EventType "swiss"]
[EventRounds "9"]
[EventCountry "CAN"]
[Source "lmi"]
[SourceDate "2007.07.07"]

1. e4 e6 2. d3 d5 3. Nd2 Nf6 4. g3 Nc6 5. Bg2 Bc5 6. Ngf3 dxe4 7. dxe4 e5 8.
O-O O-O 9. c3 a5 10. Qc2 b6 11. Rd1 Ng4 12. Nf1 Qe7 13. Rd2 Rd8 14. Rxd8+ Qxd8
15. Be3 Nxe3 16. Nxe3 Bxe3 17. fxe3 Qe7 18. Rd1 Be6 19. b3 Qc5 20. Nd4 exd4 21.
exd4 Qh5 22. e5 Bd7 23. Rf1 Rf8 24. Qf2 Ne7 25. c4 Bh3 26. Bxh3 Qxh3 27. d5 Ng6
28. d6 Nxe5 29. dxc7 Qe6 30. Qd4 f6 31. c5 Nd7 32. Rd1 Nxc5 33. Qd8 Nb7 34.
Qxf8+ Kxf8 35. Rd8+ Ke7 36. c8=Q Nxd8 37. Qc7+ Qd7 38. Qxb6 Nc6 39. Qc5+ Qd6
40. Qh5 Qd4+ 41. Kg2 Qe4+ 42. Kh3 Ne5 43. Qd1 g5 44. Qc1 g4+ 45. Kh4 Nf3+ 0-1

[Event "Canadian Open ch 2007"]
[Site "Ottawa CAN"]
[Date "2007.07.07"]
[Round "1"]
[White "Atalik, Ekaterina"]
[Black "Taylor, Peter"]
[Result "1-0"]
[WhiteElo "2374"]
[BlackElo "2209"]
[PlyCount "123"]
[EventDate "2007.07.07"]
[EventType "swiss"]
[EventRounds "9"]
[EventCountry "CAN"]
[Source "lmi"]
[SourceDate "2007.07.07"]

1. d4 Nf6 2. c4 e6 3. Nf3 c5 4. d5 d6 5. Nc3 exd5 6. cxd5 g6 7. h3 Qe7 8. g3
Bg7 9. Bg2 O-O 10. O-O Na6 11. Re1 Ne4 12. Nxe4 Qxe4 13. Nd2 Qd4 14. Ne4 Qe5
15. Bf4 Qxb2 16. Rb1 Qxa2 17. Bxd6 Re8 18. Nxc5 Nxc5 19. Bxc5 Bc3 20. Rf1 Rxe2
21. d6 Rd2 22. Qc1 Qc4 23. Bb4 Rd3 24. Re1 Be6 25. Re4 Qa2 26. Qf1 Bxb4 27.
Qxd3 Bxd6 28. Rxb7 Bc5 29. Re2 Qa4 30. Rxe6 fxe6 31. Qc3 Qd1+ 32. Kh2 Qd4 33.
Qxd4 Bxd4 34. Rd7 Rf8 35. Rxd4 Rxf2 36. Ra4 Rf7 37. h4 Kg7 38. Bh3 Re7 39. Kg2
Kf6 40. Kf3 Ke5 41. Ke3 Kd5 42. Ra5+ Kc4 43. Re5 Kb4 44. Rxe6 Rc7 45. Ra6 Rc3+
46. Kf2 Rc2+ 47. Kg1 Rc3 48. Kh2 Rc7 49. Bg2 Kb5 50. Bf1+ Kb4 51. Kh3 Rf7 52.
Kg2 Rc7 53. g4 Rf7 54. Be2 Rd7 55. g5 Re7 56. Bd3 Kc3 57. Bxg6 hxg6 58. Rxg6
Kd4 59. Kg3 Ke5 60. Kg4 Rb7 61. Ra6 Rc7 62. g6 1-0

[Event "Canadian Open ch 2007"]
[Site "Ottawa CAN"]
[Date "2007.07.07"]
[Round "1"]
[White "Gardner, Robert"]
[Black "Rensch, Daniel"]
[Result "0-1"]
[WhiteElo "2305"]
[BlackElo "2384"]
[PlyCount "98"]
[EventDate "2007.07.07"]
[EventType "swiss"]
[EventRounds "9"]
[EventCountry "CAN"]
[Source "lmi"]
[SourceDate "2007.07.07"]

1. f4 g6 2. Nf3 Bg7 3. g3 c5 4. Bg2 Nc6 5. O-O d6 6. e4 e6 7. c3 Nge7 8. b3 O-O
9. Bb2 b5 10. Na3 b4 11. Nc2 Qb6 12. Kh1 d5 13. e5 bxc3 14. dxc3 a5 15. Ba3 Ba6
16. Re1 Rfd8 17. Qd2 Na7 18. Qf2 Rac8 19. b4 Nb5 20. bxc5 Qc7 21. Bb2 Qxc5 22.
Qxc5 Rxc5 23. a4 Nxc3 24. Ba3 Rc7 25. Bd6 Rb7 26. Nfd4 Nf5 27. Nxf5 gxf5 28.
Re3 Ne4 29. Bxe4 fxe4 30. Rc3 Bc4 31. Bc5 Rc8 32. Bd4 Bf8 33. Ne3 Bc5 34. Bxc5
Rxc5 35. Rac1 Rb4 36. Ng4 Rc8 37. Ra3 Kf8 38. Nf6 Ke7 39. h4 Rcb8 40. h5 Rb1
41. Ra1 Rxa1 42. Rxa1 e3 43. Nxh7 d4 44. Kg2 Bd5+ 45. Kf1 Bf3 46. Nf6 d3 47. h6
d2 48. h7 d1=Q+ 49. Rxd1 e2+ 0-1

[Event "Canadian Open ch 2007"]
[Site "Ottawa CAN"]
[Date "2007.07.07"]
[Round "1"]
[White "Henry, Liam"]
[Black "Davies, Noam"]
[Result "1-0"]
[WhiteElo "2314"]
[BlackElo "2217"]
[PlyCount "59"]
[EventDate "2007.07.07"]
[EventType "swiss"]
[EventRounds "9"]
[EventCountry "CAN"]
[Source "lmi"]
[SourceDate "2007.07.07"]

1. e4 c5 2. Nf3 e6 3. d4 cxd4 4. Nxd4 a6 5. Bd3 Nf6 6. O-O Qc7 7. Qe2 d6 8. c4
Nbd7 9. f4 b6 10. Kh1 Bb7 11. Nc3 Be7 12. Bd2 O-O 13. Rae1 Rfd8 14. f5 e5 15.
Nc2 Nc5 16. Nb4 Rdc8 17. Bb1 a5 18. Nbd5 Nxd5 19. exd5 f6 20. Rf3 Nd7 21. b3 a4
22. Rh3 axb3 23. axb3 Qc5 24. Ne4 Qc7 25. Qh5 Nf8 26. Rg3 Kh8 27. Bh6 g6 28.
fxg6 hxg6 29. Rxg6 Nxg6 30. Qxg6 1-0

[Event "Canadian Open ch 2007"]
[Site "Ottawa CAN"]
[Date "2007.07.08"]
[Round "2"]
[White "de la Paz, Frank"]
[Black "Short, Nigel"]
[Result "0-1"]
[WhiteElo "2479"]
[BlackElo "2691"]
[PlyCount "86"]
[EventDate "2007.07.07"]
[EventType "swiss"]
[EventRounds "9"]
[EventCountry "CAN"]
[Source "lmi"]
[SourceDate "2007.07.07"]

1. e4 e5 2. Nf3 Nc6 3. Bc4 Bc5 4. c3 Nf6 5. d3 a6 6. Bb3 Ba7 7. h3 d5 8. exd5
Nxd5 9. O-O O-O 10. Re1 f6 11. d4 exd4 12. cxd4 Na5 13. Nc3 Nxb3 14. Qxb3 c6
15. Bf4 Rf7 16. Bg3 Bf5 17. a4 Qb6 18. Qxb6 Nxb6 19. Re2 Rd8 20. Rae1 Rfd7 21.
Bf4 g5 22. Bc1 Kf7 23. b3 Nc8 24. Ne4 Bxe4 25. Rxe4 Rd5 26. Bb2 h5 27. g4 h4
28. Re6 Bb6 29. Ba3 R8d7 30. Re8 Nd6 31. Rb8 Ba7 32. Bxd6 R5xd6 33. Rh8 Bxd4
34. Ree8 b5 35. Ra8 bxa4 36. Rxa6 axb3 37. Nxd4 Rxd4 38. Rb8 c5 39. Rxb3 R7d6
40. Ra7+ Ke6 41. Rc7 Kd5 42. Rc3 c4 43. Kg2 Rc6 0-1

[Event "Canadian Open ch 2007"]
[Site "Ottawa CAN"]
[Date "2007.07.08"]
[Round "2"]
[White "Bradford, Joe"]
[Black "Chanda, Sandipan"]
[Result "0-1"]
[WhiteElo "2412"]
[BlackElo "2552"]
[PlyCount "48"]
[EventDate "2007.07.07"]
[EventType "swiss"]
[EventRounds "9"]
[EventCountry "CAN"]
[Source "lmi"]
[SourceDate "2007.07.07"]

1. Nf3 Nf6 2. c4 e6 3. g3 d5 4. Bg2 Be7 5. O-O O-O 6. d4 dxc4 7. Qa4 a6 8. Qxc4
b5 9. Qc2 Bb7 10. Bg5 Nbd7 11. Bxf6 Nxf6 12. Nbd2 Rc8 13. Nb3 Be4 14. Qc3 Nd5
15. Qd2 Nb6 16. Rfd1 Na4 17. Nc1 c5 18. b3 Nb6 19. e3 c4 20. Ne1 Bg6 21. Qa5
Nd5 22. Qxa6 Qd7 23. bxc4 bxc4 24. Ne2 Ra8 0-1

[Event "Canadian Open ch 2007"]
[Site "Ottawa CAN"]
[Date "2007.07.08"]
[Round "2"]
[White "Rensch, Daniel"]
[Black "Aveskulov, Valeriy"]
[Result "0-1"]
[WhiteElo "2384"]
[BlackElo "2539"]
[PlyCount "126"]
[EventDate "2007.07.07"]
[EventType "swiss"]
[EventRounds "9"]
[EventCountry "CAN"]
[Source "lmi"]
[SourceDate "2007.07.07"]

1. e4 c5 2. Nf3 d6 3. d4 Nf6 4. Nc3 cxd4 5. Nxd4 a6 6. Be3 e5 7. Nb3 Be6 8. f3
h5 9. Qd2 Nbd7 10. O-O-O Be7 11. Kb1 Rc8 12. h3 b5 13. Bd3 h4 14. Rhe1 Nb6 15.
Bxb6 Qxb6 16. Nd5 Bxd5 17. exd5 Nh5 18. Na5 Nf4 19. Nc6 Rc7 20. Re4 Qc5 21. c4
Nxd3 22. Qxd3 f5 23. Re2 Qxc4 24. Qxc4 bxc4 25. Rc1 Bf6 26. Rxc4 Rb7 27. a4 Kf7
28. Ka2 Ra8 29. b4 Kg6 30. Kb3 Kg5 31. Kc2 Rb6 32. Kd3 Kh5 33. Re1 Kg5 34. f4+
Kh5 35. fxe5 dxe5 36. Rc5 e4+ 37. Kc4 Rc8 38. a5 Rb7 39. Nd4 Rcb8 40. Nc6 Re8
41. b5 e3 42. b6 Rd7 43. Kd3 f4 44. Ke2 g5 45. Rb1 Rb7 46. d6 Kg6 47. Rd5 Re6
48. Nb4 Rd7 49. Nxa6 Rexd6 50. Rxd6 Rxd6 51. Rd1 Rxd1 52. Kxd1 g4 53. Nc7 f3
54. gxf3 gxf3 55. b7 e2+ 56. Kd2 Bg5+ 57. Kd3 e1=Q 58. b8=Q Qe2+ 59. Kd4 Bf6+
60. Kd5 f2 61. Qb1+ Kh6 62. Qc1+ Kh5 63. Ne6 Qe5+ 0-1

[Event "Canadian Open ch 2007"]
[Site "Ottawa CAN"]
[Date "2007.07.08"]
[Round "2"]
[White "Atalik, Ekaterina"]
[Black "Howell, David"]
[Result "0-1"]
[WhiteElo "2374"]
[BlackElo "2511"]
[PlyCount "68"]
[EventDate "2007.07.07"]
[EventType "swiss"]
[EventRounds "9"]
[EventCountry "CAN"]
[Source "lmi"]
[SourceDate "2007.07.07"]

1. Nf3 Nf6 2. c4 g6 3. Nc3 d5 4. cxd5 Nxd5 5. e4 Nxc3 6. dxc3 Qxd1+ 7. Kxd1 Nd7
8. Bf4 c6 9. Kc2 f6 10. e5 g5 11. Bg3 g4 12. Nh4 Nxe5 13. Bxe5 fxe5 14. Bd3 Bg7
15. Nf5 O-O 16. Nxe7+ Kh8 17. Nxc8 Rxf2+ 18. Kb3 Rxc8 19. Be4 Rd8 20. Rad1 Rdd2
21. Rxd2 Rxd2 22. g3 Bh6 23. h3 Re2 24. Bc2 e4 25. hxg4 Bg5 26. Bd1 Rg2 27. Bc2
Re2 28. Bd1 Rg2 29. Bc2 e3 30. Rxh7+ Kg8 31. Rh5 Bf6 32. Bd3 Rd2 33. Bc4+ Kg7
34. a4 e2 0-1

[Event "Canadian Open ch 2007"]
[Site "Ottawa CAN"]
[Date "2007.07.08"]
[Round "2"]
[White "Voloaca, Mihnea"]
[Black "Sambuev, Bator"]
[Result "1/2-1/2"]
[WhiteElo "2313"]
[BlackElo "2480"]
[PlyCount "80"]
[EventDate "2007.07.07"]
[EventType "swiss"]
[EventRounds "9"]
[EventCountry "CAN"]
[Source "lmi"]
[SourceDate "2007.07.07"]

1. d4 d5 2. c4 c6 3. Nc3 Nf6 4. cxd5 cxd5 5. Bf4 Nc6 6. e3 a6 7. Bd3 Bg4 8. Nf3
e6 9. h3 Bh5 10. Rc1 Bd6 11. Bxd6 Qxd6 12. O-O O-O 13. Be2 b5 14. Nd2 Bxe2 15.
Qxe2 Na5 16. Rc2 Rac8 17. Rfc1 Rc6 18. Qd3 Rfc8 19. Ncb1 Nc4 20. b3 Nb2 21.
Rxc6 Rxc6 22. Rxc6 Qxc6 23. Qc3 Qxc3 24. Nxc3 b4 25. Ncb1 Nd3 26. a3 Nd7 27.
axb4 Nxb4 28. Kf1 Kf8 29. Ke2 Ke7 30. Nf3 f6 31. Kd2 Kd6 32. Kc3 Nc6 33. b4 Nb6
34. Na3 Na7 35. Nd2 Kc6 36. Nb3 Na4+ 37. Kd2 Nb5 38. Nc2 Nc7 39. Na3 Nb5 40.
Nc2 Nc7 1/2-1/2

[Event "Canadian Open ch 2007"]
[Site "Ottawa CAN"]
[Date "2007.07.08"]
[Round "2"]
[White "Atalik, Suat"]
[Black "Thavandiran, Shiyam"]
[Result "1-0"]
[WhiteElo "2586"]
[BlackElo "2269"]
[PlyCount "154"]
[EventDate "2007.07.07"]
[EventType "swiss"]
[EventRounds "9"]
[EventCountry "CAN"]
[Source "lmi"]
[SourceDate "2007.07.07"]

1. d4 Nf6 2. c4 e6 3. Nf3 d5 4. Nc3 Bb4 5. Bg5 Nbd7 6. cxd5 exd5 7. Rc1 h6 8.
Bxf6 Bxc3+ 9. bxc3 Nxf6 10. e3 Bf5 11. c4 c6 12. cxd5 Nxd5 13. Bc4 O-O 14. O-O
Be6 15. Nd2 f5 16. Re1 Qd6 17. g3 Bf7 18. Qc2 Qd7 19. Nf3 Be6 20. Ne5 Qd6 21.
Qb2 Rab8 22. Bb3 Nf6 23. f3 Kh7 24. Bc2 Nd7 25. Nd3 g6 26. Nf4 Bd5 27. e4 fxe4
28. fxe4 Rxf4 29. gxf4 Qxf4 30. Bb1 Be6 31. Rf1 Qe3+ 32. Qf2 Qxf2+ 33. Rxf2 Kg7
34. d5 Bf7 35. Rb2 c5 36. Bd3 b6 37. Kf2 Ne5 38. Ke3 Re8 39. Bb5 Rd8 40. a4 g5
41. a5 Ng4+ 42. Kf3 Ne5+ 43. Kg3 Bg6 44. Re2 Kf6 45. axb6 axb6 46. Ra1 Ke7 47.
Ra7+ Kd6 48. Rb7 c4 49. Rxb6+ Kc5 50. Re6 Kxb5 51. Rxe5 Kc5 52. d6+ Kxd6 53.
Rd5+ Ke7 54. Rxd8 Kxd8 55. Kf2 Kd7 56. Ke3 Ke6 57. Rc2 Ke5 58. Rxc4 Bf7 59.
Rc5+ Kf6 60. Rf5+ Ke6 61. Kd4 Bg8 62. h4 gxh4 63. Rh5 Kf6 64. Rxh4 Kg5 65. Rh1
Be6 66. Rg1+ Kf6 67. e5+ Kf5 68. Rh1 Kg5 69. Kc5 h5 70. Kd6 Bb3 71. e6 h4 72.
e7 Bf7 73. Rg1+ Kh5 74. Rg7 Be8 75. Rg8 Bf7 76. Rf8 Bg6 77. Rh8+ Kg4 1-0

[Event "Canadian Open ch 2007"]
[Site "Ottawa CAN"]
[Date "2007.07.08"]
[Round "2"]
[White "Shomoev, Anton"]
[Black "van Dijk, Timon"]
[Result "1-0"]
[WhiteElo "2551"]
[BlackElo "2273"]
[PlyCount "74"]
[EventDate "2007.07.07"]
[EventType "swiss"]
[EventRounds "9"]
[EventCountry "CAN"]
[Source "lmi"]
[SourceDate "2007.07.07"]

1. e4 c5 2. Nf3 e6 3. d4 cxd4 4. Nxd4 a6 5. Bd3 Qc7 6. Qe2 d6 7. O-O Nf6 8. c4
g6 9. Nc3 Bg7 10. Rd1 O-O 11. Nf3 Nc6 12. Bc2 Ne5 13. Bb3 Bd7 14. Bf4 Rfd8 15.
Rac1 b6 16. h3 h6 17. Bh2 Rac8 18. Nd2 Bc6 19. f4 Ned7 20. Nf3 Nc5 21. Bc2 Qb7
22. Re1 b5 23. b4 Ncd7 24. cxb5 axb5 25. Bd3 Rb8 26. Kh1 Ne8 27. Nd2 Nc7 28.
Nb3 Ra8 29. Rc2 Ra3 30. Rec1 Na6 31. Nxb5 Bxb5 32. Bxb5 Ndb8 33. Na5 Qb6 34.
Bg1 Bd4 35. Bxd4 Qxd4 36. Bxa6 Qxb4 37. Nc6 Nxc6 1-0